000 00991nas a2200253 454500
001 28409
005 20260407193507.0
008 260407s1964####ag###########|||spa#d
003 AR-UNSa-BCEJYS
040 _aAR-UNSa-BCEJYS
_bspa
_cAR-UNSa-BCEJYS
080 _a330
_xEconomía en general
245 1 0 _aRevista de compendios de artículos de economía
022 _a0034-7825
264 1 _aCórdoba :
_bUniversidad Nacional de Córdoba. Facultad de Ciencias Económicas. Instituto de Economía y Finanzas
_c1964
310 _aFrecuencia: Anual
942 _cSER
590 _aniveau_biblio:s niveau_hierar:1
100 1 _aUniversidad Nacional de Córdoba. Facultad de Ciencias Económicas. Instituto de Economía y Finanzas
650 _aMicroeconomía
650 _aInvestigación económica
650 _aMacroeconomía
650 _aECONOMIA
856 4 1 _uhttps://biblioeco.unsa.edu.ar/pmb/images/revistas/Comprendios de art?culos de econom?a-r13745.jpg
_yImagen de portada
_qimage/jpeg
999 _c8648
_d8648